00000000nam 2200000zi 4500
0019.929763
003CaOODSP
00520241121150907
006m     o  d f      
007cr mn|||||||||
008231031t20232023quc     o    f000 0 fre d
020 |a9780660686370
020 |z9780660686356 |q(incorrect)
040 |aCaOODSP|bfre|erda|cCaOODSP
043 |an-cn---
0861 |aEm12-112/2023F-PDF|zEm12-111/2023F-PDF
24500|aRésumé de rapport : |bitinérance chez les Autochtones / |cDirection générale des politiques stratégiques et de service, Direction de la politique sociale.
264 1|a[Gatineau, Québec] : |bEmploi et développement social Canada = Employment and Social Development Canada, |c2023.
264 4|c©2023
300 |a1 ressource en ligne (4 pages)
336 |atexte|btxt|2rdacontent/fre
337 |ainformatique|bc|2rdamedia/fre
338 |aressource en ligne|bcr|2rdacarrier/fre
500 |aPublié aussi en anglais sous le titre : Report summary: Indigenous homelessness.
650 6|aItinérance|zCanada.
650 6|aAutochtones|zCanada|xConditions sociales.
7101 |aCanada. |bEmploi et développement social Canada. |bDirection générale des politiques stratégiques et de service, |eorganisme de publication.
77508|tReport summary : |w(CaOODSP)9.929762
85640|qPDF|s264 Ko|uhttps://publications.gc.ca/collections/collection_2024/edsc-esdc/Em12-112-2023-fra.pdf
8564 |qHTML|sS.O.|uhttps://www.canada.ca/fr/emploi-developpement-social/ministere/rapports/recherche/itinerance-autochtones.html